Les stations de tourisme de Provence-Alpes-Côte-d'azur & Corse - Statistiques

Statistiques générales
  • Ce quiz a été pris 63 fois
  • Le résultat moyen est 37 sur 84
Statistiques - réponses
Hint Réponse % Correct
2A A*A**IO 2021 Ajaccio
95%
13 M*RS**LL* 2013 Marseille
90%
06 N*C* 1918 Nice
90%
06 *NT*B*S 1935 Antibes
84%
83 S**NT-TR*P*Z 2017 Saint-Tropez
84%
06 V*LL*FR*NCH*-S*R-M*R 2012 Villefranche-sur-mer
81%
83 *OU*ON 2014 Toulon
79%
84 *V*GN*N 1938 Avignon
78%
2A PR*PR**N* Propriano
76%
83 B*ND*L 1923 Bandol
74%
06 C*GN*S-S*R-M*R 2015 Cagnes-sur-Mer
74%
06 S**NT-L**R*NT-D*-V*R 2017 Saint-Laurent-du-Var
74%
83 S**NT-C*R-S*R-M*R 2002 Saint-Cyr-sur-mer
72%
13 S*L*N-D*-PR*V*NC* 1989 Salon-de-Provence
71%
06 *A**E* 2012 Cannes
69%
04 D*GN*-L*S-B**NS 1927 Digne-les-Bains
69%
13 L*S B**X-D*-PR*V*NC* 1975 Les Baux-de-Provence
67%
13 AI*-E*-**O*E**E 1913 Aix-en-Provence
64%
06 *Z* 2014 Eze
64%
05 V*RS 2017 Vars
64%
06 *EAU*IEU-*U*-*E* 1922 Beaulieu-sur-mer
62%
06 L* C*NN*T Le Cannet
62%
06 C*P-D'**L Cap-d'Ail
60%
83 R*Q**BR*N*-S*R-*RG*NS 1968 Roquebrune-sur-Argens
60%
13 S**NT-R*M*-D*-PR*V*NC* Saint-Rémy-de-Provence
59%
13 *STR*S 2014 Istres
57%
13 *A *IO*A* 1929 La Ciotat
57%
83 *A*A*UE**E 1986 Ramatuelle
57%
83 R*M*T**LL* Ramatuelle
57%
06 S**NT-P**L*-D*-V*NC* 1989 Saint-Paul-de-Vence
57%
13 A**E* 2012 Arles
55%
83 L* L*V*ND** 1913 Le Lavandou
55%
2A *O*I*A*IO Bonifacio
53%
83 L* CR**X-V*LM*R 2011 La Croix-Valmer
53%
06 M*ND*L***-L*-N*P**L* 2015 Mandelieu-la-Napoule
53%
83 S*N*R*-S*R-M*R 1929 Sanary-sur-mer
53%
83 *YE*E* 1913 Hyères
52%
06 M**G*NS 1981 Mougins
52%
06 V*NC* 1928 Vence
52%
83 L* S**N*-S*R-M*R 2008 La Seyne-sur-mer
50%
06 B**T 2011 Biot
45%
13 *A**I* 1930 Cassis
45%
83 *AI**-*A**AE* 1914 Saint-Raphaël
45%
83 GR*M**D 2011 Grimaud
43%
13 C*RR*-L*-R***T 2019 Carry-le-Rouet
40%
06 **A**E 1922 Grasse
40%
83 L* PR*D*T 2018 Le Pradet
40%
83 C*V*L**R*-S*R-M*R 2013 Cavalaire-sur-mer
38%
83 **E*U* 2009 Fréjus
38%
83 *AI**E-*A*I*E 1922 Sainte-Maxime
38%
83 G*SS*N 2019 Gassin
36%
06 *E**O* 1919 Menton
36%
06 B***S*L**L 1921 Beausoleil
34%
83 C*RQ***R*NN* 2019 Carqueiranne
33%
05 R*S**L 2011 Risoul
33%
13 *A**I*UE* 2008 Martigues
31%
05 L*S *RR*S 2013 Les Orres
29%
04 *A**E*O**E**E Barcelonnette
28%
06 *S*L* 2019 Isola
28%
05 L* D*V*L** 2021 Le Dévoluy
24%
06 **EOU*E-*U*-*E* 2018 Théoule-sur-mer
24%
05 **IA**O* 1914 Briançon
22%
06 S**NT-*T**NN*-D*-T*N** 2019 Saint-Etienne-de-Tinée
22%
06 *A**AU*I* 1990 Vallauris
22%
06 *I**E*EU*E-*OU*E* 1977 Villeneuve-Loubet
21%
05 L* M*N*T**R-L*S-B**NS 2019 Le Monêtier-les-Bains
19%
83 *O**E*-*E*-*I*O*A* 1913 Bormes-les-Mimosas
17%
05 O**IE*E* 2018 Orcières
17%
06 *AI**-*EA*-*A*-*E**A* 1921 Saint-Jean-Cap-Ferrat
17%
04 *I**E*O* 2014 Sisteron
17%
04 M**ST**RS-S**NT*-M*R** 2019 Moustiers-Sainte-Marie
16%
05 S**NT-CH*FFR** 2018 Saint-Chaffrey
16%
05 S*V*N*S-L*-L*C 1982 Savines-le-Lac
16%
04 J**S**RS 2018 Jausiers
14%
04 A**O* 2018 Allos
12%
04 **EOU*-*E*-*AI** 1912 Gréoux-les-Bains
12%
13 M**SS*N*-L*S-*LP*LL*S 2019 Maussane-les-Alpilles
10%
83 *I*-*OU**-*E*-**A*E* 2018 Six-Fours-les-Plages
10%
06 *A *O**E-*U*-*OU* 2019 La Colle-sur-Loup
7%
05 *A *A**E-*E*-A**E* 2018 La Salle-les-Alpes
7%
05 *O***E*E**E 2018 Montgenèvre
5%
04 E***A***AYE* 2019 Enchastrayes
0%
06 P**N* 2018 Péone
0%
04 U*E**E*-*OU** 2019 Uvernet-Fours
0%
Aucun quiz correspondant
Distribution des résultats
% des personnes avec chaque résultat
Percentile par nombre de réponses
Votre historique - résultats
Vous n’avez pas pris ce quiz